[Event "Capablanca mem 33th Premier"]
[Site "Havana"]
[Date "1998.05.08"]
[Round "2"]
[White "Pecorelli Garcia, Humberto"]
[Black "Abreu, Arian"]
[Result "1/2-1/2"]
[WhiteElo "2465"]
[BlackElo "2410"]

1.c4 c6 2.e4 d5 3.exd5 cxd5 4.d4 Nf6 5.Nc3 Nc6 6.Nf3 Bg4 7.cxd5 Nxd5 8.Be2 e6
9.O-O Be7 10.h3 Bh5 11.a3 O-O 12.Nxd5 Qxd5 13.Be3 Rfd8 14.Rc1 Rac8 15.Qa4 Qd6
16.Qb5 Qd5 17.Qxd5 exd5 18.Rc3 f5 19.Rfc1 Bf6 20.Kf1 Rb8 21.Rd1 Re8 22.g4 fxg4
23.Nh2 Bg6 24.Nxg4 Bh4 25.Bb5 Re6 26.Rdc1 Be8 27.Be2 Rd8 28.b4 a6 29.Bd3 Bg6
30.Bxa6 Nxb4 31.Bxb7 Rb6 32.Rc7 Nc2 33.Bf4 Nxd4 34.Be3 Bd3+ 35.Kg2 Be4+ 36.Kf1 Bd3+
37.Kg2 Be4+  1/2-1/2

[Event "FRA-chT"]
[Site "FRA"]
[Date "1998.05.09"]
[Round "9"]
[White "Anic, Darko"]
[Black "Prie, Eric"]
[Result "1/2-1/2"]
[WhiteElo "2455"]
[BlackElo "2470"]

1.c4 c6 2.e4 d5 3.exd5 cxd5 4.d4 Nf6 5.Nc3 Nc6 6.Bg5 e6 7.Nf3 Be7 8.c5 O-O
9.Bb5 Ne4 10.Bxe7 Qxe7 11.O-O Nxc3 12.bxc3 Bd7 13.Rb1 Rfc8 14.Re1 Na5 15.Bd3 Rab8
16.Ne5 Nc6 17.Qc2 g6 18.Nf3 b6 19.cxb6 axb6 20.Qd2 Qf6 21.Bb5 Be8 22.Bxc6 Rxc6
23.Ne5 Rc7 24.Re3 Qg5 25.g3 h5 26.h4 Qe7 27.Rf3 Kg7 28.Rb4 Qd6 29.Qf4 Qe7
30.Kg2 Rbc8 31.Rxb6 Rxc3 32.Nd3 R3c6 33.Rb3 Ra8 34.Nb4 Rc4 35.a3 Rd8 36.Nd3 f6
37.Qe3 Bf7 38.Nc5 e5 39.Rb7 Qd6 40.dxe5 Qxc5 41.e6 Rf8 42.Qb3 Qc6 43.Rb6 Qa4
44.Qxa4 Rxa4 45.exf7 Rxf7 46.Rd6 Ra5 47.Kh3 Kh7 48.Kg2  1/2-1/2

[Event "Lisbon-ch"]
[Site "Lisbon"]
[Date "1998.05.18"]
[Round "1"]
[White "Dias, Paulo"]
[Black "Ferreira, Nelson"]
[Result "1-0"]
[WhiteElo "2295"]
[BlackElo "2155"]

1.c4 c6 2.Nc3 d5 3.d4 Nf6 4.cxd5 cxd5 5.Bf4 Bf5 6.Qb3 e6 7.Qxb7 Nbd7 8.e3 Be7
9.Bc7 Qc8 10.Ba6 O-O 11.Qxc8 Raxc8 12.Bxc8 Rxc8 13.Bf4 Bb4 14.Rc1 Ne4 15.Ne2 g5
16.Bg3 h5 17.h4 g4 18.a3 Bxc3+ 19.Nxc3 Nb6 20.Ke2 Nxg3+ 21.fxg3 Nc4 22.e4 Bg6
23.exd5 Nxb2 24.dxe6 fxe6 25.Nb1 Rd8 26.Ke3 Rd7 27.Nd2 e5 28.dxe5 Rd3+ 29.Ke2 Rxg3
30.Rc8+ Kg7 31.Rhc1 Rxg2+ 32.Ke3 Bd3 33.R1c7+ Kg6 34.Rg8+ Kf5 35.Rg5+ Ke6
36.Rc6+ Kd5 37.Rd6+ Kc5 38.Nb3+ Kc4 39.Na5+ Kc3 40.Rc6+ Nc4+ 41.Nxc4 Re2+
42.Kf4 Rf2+ 43.Kg3 Rf3+ 44.Kg2 Be4 45.Na5+ Kd3 46.Rc4 Ba8 47.Kg1 Ke2 48.Rc2+ Ke1
49.Rc1+ Ke2 50.Rxg4 hxg4 51.Nc6 Rxa3 52.Nd4+ Kd2 53.Rc8 Be4 54.e6 g3 55.Rf8 Re3
56.h5 g2 57.Rf2+ Kd3 58.Re2 Rh3 59.Rxe4 Kxe4 60.e7 Kxd4 61.e8=Q  1-0

[Event "Capablanca mem 33th Elite"]
[Site "Havana"]
[Date "1998.05.19"]
[Round "9"]
[White "Bischoff, Klaus"]
[Black "Agdestein, Simen"]
[Result "1/2-1/2"]
[WhiteElo "2545"]
[BlackElo "2570"]

1.c4 c6 2.Nf3 d5 3.e3 Nf6 4.Nc3 g6 5.d4 Bg7 6.Be2 O-O 7.O-O Be6 8.b3 h6 9.Ba3 Re8
10.Rc1 Nbd7 11.Nd2 a6 12.Bd3 Qa5 13.Bb2 Bf5 14.Bxf5 gxf5 15.Qc2 e6 16.Ne2 b5
17.cxd5 cxd5 18.Nf3 Bf8 19.Nf4 b4 20.Nd3 Qb5  1/2-1/2

[Event "Capablanca mem 33th Elite"]
[Site "Havana"]
[Date "1998.05.22"]
[Round "11"]
[White "Bischoff, Klaus"]
[Black "Nogueiras, Jesus"]
[Result "1-0"]
[WhiteElo "2545"]
[BlackElo "2520"]

1.c4 c6 2.Nf3 d5 3.e3 Nf6 4.Nc3 e6 5.Qc2 Nbd7 6.b3 Bd6 7.Be2 O-O 8.Bb2 a6
9.d4 e5 10.O-O-O e4 11.Nd2 Re8 12.g4 Nf8 13.Rdg1 Be6 14.h4 b5 15.c5 Bc7 16.g5 N6d7
17.f3 exf3 18.Nxf3 f5 19.Kb1 b4 20.Nd1 Ng6 21.h5 Ne7 22.Bd3 a5 23.Nf2 Nf8
24.Nh3 Qb8 25.Ne5 a4 26.Nf4 axb3 27.axb3 Bxe5 28.dxe5 Bc8 29.e6 Nxe6 30.Nxe6 Bxe6
31.Bxg7 d4 32.Bxd4 Ra3 33.Bc4 Nd5 34.h6 Nc3+ 35.Bxc3 Bxc4 36.Bb2 Bxb3 37.Qxf5 Qa7
38.Qxh7+ Qxh7+ 39.g6 Ba2+ 40.Kc1  1-0

[Event "BCF-chT 97/98 (4NCL)"]
[Site "GBR"]
[Date "1998.05.23"]
[Round "9"]
[White "Morris, Charles F"]
[Black "Summerscale, Aaron"]
[Result "0-1"]
[WhiteElo "2245"]
[BlackElo "2440"]

1.c4 c6 2.Nc3 d5 3.d4 dxc4 4.a4 e5 5.dxe5 Qxd1+ 6.Kxd1 Be6 7.f4 Na6 8.Nf3 Rd8+
9.Bd2 Bb4 10.h3 Nc5 11.Ke1 f6 12.Be3 fxe5 13.Bxc5 Bxc5 14.Nxe5 Be3 15.g3 Nf6
16.Bg2 Nh5 17.Nd1 Bc5 18.e3 Nxg3 19.Rg1 Nf5 20.Ke2 O-O 21.Rc1 Nd6 22.Nf2 Bd5
23.Rcd1 Nf5 24.Neg4 h5 25.Ne4 Bxe4 26.Nf6+ gxf6 27.Bxe4+ Ng7  0-1

[Event "BCF-chT 97/98 (4NCL)"]
[Site "GBR"]
[Date "1998.05.24"]
[Round "10"]
[White "Williams, Simon"]
[Black "Ledger, Andrew"]
[Result "1-0"]
[WhiteElo "2315"]
[BlackElo "2460"]

1.c4 c6 2.Nc3 d5 3.cxd5 cxd5 4.d4 Nc6 5.Bf4 e5 6.Bxe5 Nxe5 7.dxe5 d4 8.Ne4 Qa5+
9.Nd2 Ne7 10.Nf3 Nc6 11.a3 Be6 12.g3 Rd8 13.Bg2 Qb5 14.O-O Qxb2 15.Ng5 d3
16.Nxe6 fxe6 17.Rb1 dxe2 18.Qxe2 Qxd2 19.Qg4 Nd4 20.Rxb7 g6 21.Qh4 Bc5 22.Be4 Rf8
23.Qxh7 Ne2+ 24.Kh1 Rd7 25.Rb8+  1-0

[Event "Garcia mem Premier"]
[Site "Santa Clara"]
[Date "1998.05.26"]
[Round "3"]
[White "Pecorelli Garcia, Humberto"]
[Black "Nogueiras, Jesus"]
[Result "0-1"]
[WhiteElo "2465"]
[BlackElo "2520"]

1.c4 c6 2.Nf3 d5 3.d4 Nf6 4.Nc3 e6 5.Bg5 h6 6.Bh4 dxc4 7.e4 g5 8.Bg3 b5 9.Be2 b4
10.e5 bxc3 11.exf6 cxb2 12.Rb1 Qa5+ 13.Kf1 c3 14.Ne5 Ba6 15.h4 Bxe2+ 16.Kxe2 gxh4
17.Rxh4 Nd7 18.Nxd7 Kxd7 19.Qc2 Qf5 20.Qxf5 exf5 21.Kd3 Bb4 22.d5 a5 23.Be5 cxd5
24.Bxc3 Bxc3 25.Kxc3 Rab8 26.Ra4 Rb5 27.Ra3 Rhb8 28.Rb3 a4  0-1

[Event "Szeged TT05 IM"]
[Site "Szeged"]
[Date "1998.05.27"]
[Round "7"]
[White "Bogdan, Dan"]
[Black "Dovzik, Juri"]
[Result "1/2-1/2"]
[WhiteElo "2410"]
[BlackElo "2375"]

1.c4 c6 2.e4 e5 3.Nf3 d6 4.d4 Qc7 5.Nc3 Nf6 6.h3 Be7 7.Be3 O-O 8.Be2 Nbd7
9.O-O Re8 10.Rc1 exd4 11.Nxd4 Bf8 12.f3  1/2-1/2

[Event "Hamburg-chI"]
[Site "Hamburg"]
[Date "1998.05.31"]
[Round "3"]
[White "Buhr, Carl Christian"]
[Black "Hegeler, Frank"]
[Result "1/2-1/2"]
[WhiteElo "2325"]
[BlackElo "2330"]

1.c4 c6 2.Nf3 d5 3.e3 Nf6 4.Nc3 Bg4 5.h3 Bxf3 6.Qxf3 g6 7.d4 Bg7 8.Qd1 O-O
9.cxd5 cxd5 10.Qb3 Qd7 11.Bb5 Nc6 12.O-O a6 13.Be2 b5 14.Qd1 Rfd8 15.b3 e5
16.dxe5 Ne4 17.Bb2 Bxe5 18.Rc1 Qe6 19.Qe1 Rac8 20.Nd1 Bxb2 21.Nxb2 d4 22.exd4 Nxd4  1/2-1/2

[Event "Sigeman & Co"]
[Site "Malmo"]
[Date "1998.06.16"]
[Round "8"]
[White "Hansen, Curt"]
[Black "Hector, Jonny"]
[Result "1-0"]
[WhiteElo "2595"]
[BlackElo "2505"]

1.c4 c6 2.e4 d5 3.exd5 cxd5 4.d4 Nf6 5.Nc3 Nc6 6.Bg5 Be6 7.a3 Qd7 8.Bxf6 gxf6
9.Be2 O-O-O 10.c5 Bf5 11.Nf3 e5 12.b4 Rg8 13.O-O Bh3 14.g3 Bxf1 15.Bxf1 Kb8
16.dxe5 fxe5 17.b5 Na5 18.c6 Qd6 19.Qa4 b6 20.Rd1 d4 21.Ne4 Qe7 22.Bh3 Qxa3
23.Qxa3 Bxa3 24.Nxe5 a6 25.Nf6 Bb2 26.Nxg8 Rxg8 27.bxa6 Kc7 28.Bf1 f6 29.Nd3 Bc3
30.Nf4 Nxc6 31.Nd5+ Kb8 32.Nxb6 Ne5 33.Rb1 Ka7 34.Nd7 d3 35.Nxe5 Bxe5 36.Bxd3 Rb8
37.Rxb8 Bxb8 38.Kg2 h6 39.Kf3 Be5 40.Kg4 Bd4 41.Kh5 Bxf2 42.Kxh6 Bg1 43.h4 Bf2
44.Kg6  1-0

[Event "CZE-ch"]
[Site "Zlin"]
[Date "1998.06.16"]
[Round "4"]
[White "Vokac, Marek"]
[Black "Haba, Petr"]
[Result "1/2-1/2"]
[WhiteElo "2510"]
[BlackElo "2570"]

1.c4 c6 2.Nf3 d5 3.b3 Bf5 4.Bb2 e6 5.e3 h6 6.d3 Bh7 7.Nbd2 Nd7 8.cxd5 cxd5
9.Be2 Ngf6 10.O-O Qb8 11.e4 Bd6 12.exd5 exd5 13.Re1 O-O 14.Bf1 Re8 15.Rc1 a6
16.g3 Rxe1 17.Qxe1 Qf8 18.Bd4 Rc8  1/2-1/2

[Event "Agency"]
[Site "London"]
[Date "1998.06.18"]
[Round "4"]
[White "McNab, Colin Anderson"]
[Black "McDonald, Neil R"]
[Result "0-1"]
[WhiteElo "2500"]
[BlackElo "2485"]

1.c4 c6 2.Nf3 d5 3.e3 Nf6 4.Nc3 e6 5.Qc2 Nbd7 6.d4 Bd6 7.Bd2 O-O 8.O-O-O b5
9.cxb5 c5 10.e4 Bb7 11.exd5 Nxd5 12.Ne4 Be7 13.dxc5 Nxc5 14.Nxc5 Bxc5 15.Ng5 g6
16.Kb1 Bxf2 17.h4 Rc8 18.Qb3 Ne3 19.Bxe3 Bxe3 20.Bc4 Qb6 21.Nxf7 Rxc4 22.Nd6 Re4
23.Rhe1 Rf2 24.Nxb7 Rd4 25.Na5 Rxd1+ 26.Rxd1 Bd4 27.Nc4 Qc5 28.a4 Kg7 29.a5 e5
30.b6 axb6 31.axb6 Rf8 32.Qa4 Rf7 33.Rd3 e4 34.Rb3 e3 35.b7 e2 36.b8=Q e1=Q+
37.Ka2 Rf1 38.Rb7+ Kh6 39.Qba8 Qxc4+ 40.Qxc4 Qa1+  0-1

[Event "Agency"]
[Site "London"]
[Date "1998.06.20"]
[Round "6"]
[White "McNab, Colin Anderson"]
[Black "Van den Doel, Erik"]
[Result "0-1"]
[WhiteElo "2500"]
[BlackElo "2485"]

1.c4 c6 2.Nf3 Nf6 3.g3 d5 4.b3 Bg4 5.Bg2 Nbd7 6.Bb2 e6 7.h3 Bxf3 8.Bxf3 a5
9.O-O Be7 10.d3 O-O 11.Qc2 a4 12.Nd2 Qa5 13.Rad1 Bb4 14.e4 Rfd8 15.e5 Ne8
16.d4 Nc7 17.Be2 dxc4 18.bxc4 Nxe5 19.Ne4 Ng6 20.h4 h6 21.c5 a3 22.Bc1 Ne8
23.Bc4 Ne7 24.Rd3 Nd5 25.Rb3 b6 26.cxb6 Nxb6 27.Bd3 Rac8 28.Nc5 Nd6 29.Na6 Nb5
30.Rxb4 Qxa6 31.Qb3 Nd5 32.Ra4 Qb6 33.Bxa3 Nxd4 34.Qd1 Nc3 35.Qg4 Nxa4 36.Be7 f5
37.Qg6 Qc7  0-1

[Event "Agency"]
[Site "London"]
[Date "1998.06.21"]
[Round "7"]
[White "Burnett, Ronald"]
[Black "Ippolito, Dean"]
[Result "1-0"]
[WhiteElo "2400"]
[BlackElo "2435"]

1.c4 c6 2.e4 d5 3.exd5 cxd5 4.d4 Nc6 5.cxd5 Qxd5 6.Nf3 e6 7.Nc3 Qd6 8.Bg5 Be7
9.d5 exd5 10.Nb5 Qb8 11.Qxd5 Be6 12.Qd2 Bb4 13.Nc3 Nge7 14.a3 Bxc3 15.Qxc3 O-O
16.Bd3 Nd5 17.Qc2 h6 18.Bd2 Ne5 19.Be2 Nxf3+ 20.Bxf3 Qe5+ 21.Qe4 Qxb2 22.Rb1 Qxa3
23.O-O Nc3 24.Bxc3 Qxc3 25.Qxb7 a5 26.Rfc1 Qe5 27.Re1 Qd6 28.Qxa8 Rxa8 29.Bxa8 a4
30.Red1 Qa6 31.Be4 g6 32.Bd5 h5 33.Bxe6 Qxe6 34.Ra1 h4 35.h3 a3 36.Rd2 g5
37.Rda2 f6 38.Rxa3 Kg7 39.Re3 Qd5 40.Rae1 Kg6 41.Re8 Qa2 42.Rc1 Qd5 43.Rec8 Qa5
44.R8c6 Qd2 45.Rb1 Qe2 46.Rc3 Qe4 47.Rf1 Qd4 48.Rf3 Qe4 49.Re3 Qd4 50.Rc1 Qb2
51.Rd1 Qb6 52.Kh1 Qc5 53.Rde1 Qc2 54.Rf3 Qc6 55.Ra1 Qe6 56.Rb1 Qc6 57.Kg1 Qc5
58.Rd1 Qc6 59.Kh1 Qe6 60.Rc1 Qd5 61.Re1 Qc6 62.Kh2 Qd6+ 63.Kg1 Qc6 64.Rd3 Qa6
65.Red1 Qb6 66.Rd6 Qc5 67.Re6 Qc2 68.Rde1 Qd2 69.R1e3 Qc1+ 70.Kh2 Qc7+ 71.g3 hxg3+
72.Rxg3 Qc4 73.Rge3 Kf7 74.Re7+ Kg6 75.Kg2 Qd5+ 76.Kg1 Qd1+ 77.Re1 Qf3 78.R7e3 Qd5
79.Re6 Kf7 80.R6e3 Kg6 81.Ra1 Qc6 82.Rg3 Qb6 83.Raa3 Qb1+ 84.Kh2 Qb6 85.Raf3 Qd4
86.Kg2 Qe4 87.Rg4 Qc6 88.Rd4 Qb6 89.Rd5 Qe6 90.Rb5 Qe4 91.Rb6 g4 92.hxg4 Kg5
93.Rxf6 Kxg4 94.Rf8 Qd5 95.Rf4+ Kg5 96.Rf5+ Qxf5 97.Rxf5+ Kxf5 98.Kf3 Kg6
99.Kg4 Kf6 100.Kf4 Kg7 101.Kg5 Kf7 102.Kf5 Kg7 103.Ke6 Kg6 104.f4 Kg7 105.f5 Kf8
106.Kf6  1-0

[Event "White Nights op"]
[Site "St Petersburg"]
[Date "1998.06.22"]
[Round "3"]
[White "Ivanov, MI."]
[Black "Kharitonov, Sergei"]
[Result "1/2-1/2"]
[WhiteElo "2315"]
[BlackElo "2125"]

1.c4 c6 2.Nf3 Nf6 3.b3 d5 4.Bb2 Bf5 5.Bxf6 gxf6 6.e3 e5 7.cxd5 cxd5 8.Be2 Bg7
9.d4 Nc6 10.O-O O-O 11.Nc3 Be6 12.a3 Rc8 13.Na4 b6 14.b4 Qd6 15.Ba6 Rcd8
16.Nc3 Rfe8 17.Bb5 Re7 18.Bxc6 Qxc6 19.Ne2 Qd6 20.Ng3 Rc7 21.Nh4 Qd7 22.f4 Bg4
23.Qd3 e4 24.Qd2 Qc8 25.Rfc1 Bd7 26.Rxc7 Qxc7 27.Rc1 Qb7 28.Ngf5 Bf8 29.Ng3 Rc8
30.Nh5 Rc6 31.f5 Qc8 32.Nxf6+ Kh8 33.Rxc6 Bxc6 34.Nh5 Bh6 35.g4 Qg8 36.h3 Bb5
37.Ng2 Qc8 38.f6 Bf8 39.Nhf4 Qc6 40.g5 Bc4 41.h4 Qa4 42.Qc1 a5 43.h5 axb4
44.axb4 Bxb4 45.Nxd5 Ba5 46.Ndf4 Qc6 47.Qa3 Kg8 48.Qe7 Qa8 49.d5 Bb5 50.g6 Qe8
51.d6 Qxe7 52.gxh7+ Kxh7 53.fxe7 Bb4 54.Nd5 Bxd6 55.Nf6+ Kh6 56.Nf4 Bc6 57.e8=Q Bxe8
58.Nxe8 Be5 59.Nd5 Kxh5 60.Nef6+ Kg5 61.Nxe4+ Kf5 62.Nf2 b5 63.Nd3 Ke4 64.Nxe5 Kxd5
65.Nd7 b4 66.Kf2 b3 67.Nb6+ Kc5 68.Na4+ Kb4 69.Nb2 Kc3 70.Nd1+ Kd2  1/2-1/2

[Event "White Nights op"]
[Site "St Petersburg"]
[Date "1998.06.24"]
[Round "5"]
[White "Shushpanov, Vladimir"]
[Black "Kharitonov, Sergei"]
[Result "1-0"]
[WhiteElo "2340"]
[BlackElo "2125"]

1.c4 c6 2.e4 d5 3.cxd5 cxd5 4.exd5 Nf6 5.Bb5+ Bd7 6.Bc4 a6 7.a3 b5 8.Ba2 Bc8
9.Nc3 Nbd7 10.Nf3 Bb7 11.Nd4 Nb6 12.Nc6 Qd6 13.Qf3 Rc8 14.d4 e6 15.Bf4 Qd7
16.Ne5 Qd8 17.Nxf7 Qe7 18.Nxh8 Nbxd5 19.Nxd5 Nxd5 20.O-O g6 21.Rfe1 Bg7 22.Qg4 Kd7
23.Rac1  1-0

[Event "Szeged TT06 IM"]
[Site "Szeged"]
[Date "1998.06.24"]
[Round "7"]
[White "Revuckij, Vladimir"]
[Black "Dovzik, Juri"]
[Result "0-1"]
[WhiteElo "2215"]
[BlackElo "2375"]

1.c4 c6 2.e4 d5 3.exd5 cxd5 4.d4 Nf6 5.Nc3 e6 6.Nf3 Bb4 7.Bg5 Qa5 8.Bd2 O-O
9.Bd3 dxc4 10.Bxc4 Qd8 11.O-O b6 12.Bg5 Bb7 13.Ne5 Be7 14.Qe2 Nd5 15.Bxe7 Nxc3
16.bxc3 Qxe7 17.a4 Nd7 18.f4 Rac8 19.Rfc1 Nxe5 20.fxe5 Qg5 21.Bb3 Rc7 22.Rc2 Rfc8
23.Rac1 h5 24.Ba2 h4 25.h3 Bc6 26.Bb3 Bb7 27.Ba2 Qg6 28.c4 Be4 29.Rc3 Rd8
30.d5 Rc5 31.Re3 exd5 32.Rf1 Re8 33.cxd5 Bxd5 34.Bxd5 Rxd5 35.Rf4 Qe6 36.Rfe4 Rc5
37.Qh5 Rc4 38.Qxh4 Rxe4 39.Qxe4 f6 40.Qb7 Qf7 41.Qc6 fxe5 42.Re4 Qe6 43.Qb7 Qa2
44.Kh2 Qf7 45.Qc6 Rd8 46.Qc3 Re8 47.Qc6 Qe6 48.Qb7 a5 49.Rg4 Qf6 50.Re4 Rd8
51.Rg4 Rd4 52.Qc8+ Kh7 53.Qc2+ e4 54.g3 Qe6 55.Rf4 Qc4 56.Qf2 Qb4 57.Qf1 Rd2+
58.Kh1 Qxa4 59.Qg1 Qc2 60.Rf1 e3  0-1

[Event "White Nights op"]
[Site "St Petersburg"]
[Date "1998.06.25"]
[Round "6"]
[White "Ljavdansky, Vladimir"]
[Black "Boukh, Boris"]
[Result "1/2-1/2"]
[WhiteElo "2320"]
[BlackElo "2370"]

1.c4 c6 2.Nf3 d5 3.e3 Nf6 4.Nc3 Bg4 5.d4 e6 6.h3 Bh5 7.Bd3 Nbd7 8.O-O Be7
9.b3 O-O 10.Bb2 Qc7 11.Rc1 Rad8 12.Qe2 Rfe8 13.Rfd1 Qb8 14.e4 dxe4 15.Nxe4 Nxe4
16.Qxe4 Bg6 17.Qe3 Bf6 18.Bf1 h6 19.Bc3 b6 20.Bd3 e5 21.dxe5 Nxe5 22.Nxe5 Bxe5
23.Bxe5 Rxe5 24.Qf3 Bxd3 25.Rxd3 Rxd3 26.Qxd3 Qe8 27.g3 Re1+ 28.Rxe1 Qxe1+
29.Kg2 Qe7 30.h4 g6 31.Qf3 c5 32.Qd5 h5 33.Qd3 Qe5 34.Qf3 Qe7 35.Qd3  1/2-1/2

[Event "World op"]
[Site "Philadelphia"]
[Date "1998.06.28"]
[Round "2"]
[White "Hanken, Jerome B"]
[Black "De Blecourt, Sandra"]
[Result "1-0"]
[WhiteElo "2115"]
[BlackElo "2035"]

1.c4 c6 2.g3 d5 3.Nf3 Nf6 4.Bg2 Bf5 5.Qb3 Qb6 6.Qxb6 axb6 7.cxd5 Nxd5 8.O-O Bxb1
9.Rxb1 Rxa2 10.b4 b5 11.e4 Nb6 12.d3 e6 13.Be3 N8d7 14.Bd4 f6 15.Bh3 e5 16.Be3 Ra4
17.Bd2 Ra3 18.Ne1 Bd6 19.Be6 Ke7 20.Bb3 Rd8 21.Nc2 Raa8 22.f4 Nf8 23.Be3 Na4
24.fxe5 Bxe5 25.d4 Bc7 26.e5 Ne6 27.exf6+ gxf6 28.Rbe1 Nc3 29.Bxe6 Kxe6 30.Bd2+  1-0

[Event "World op"]
[Site "Philadelphia"]
[Date "1998.06.28"]
[Round "2"]
[White "Kreitner, Ilan"]
[Black "Kaufman, Larry C"]
[Result "0-1"]
[WhiteElo "2170"]
[BlackElo "2410"]

1.c4 c6 2.Nc3 d5 3.cxd5 cxd5 4.Nf3 Nc6 5.d4 Nf6 6.e3 Bf5 7.Bd3 Bxd3 8.Qxd3 e6
9.a3 Bd6 10.e4 dxe4 11.Nxe4 Be7 12.Bf4 O-O 13.O-O Qd5 14.Rfe1 Rfd8 15.Rad1 Rac8
16.Nc3 Qb3 17.Qb5 Qxb5 18.Nxb5 Nd5 19.Bg3 a6 20.Nc3 Nxc3 21.bxc3 Bxa3 22.Rb1 Na5
23.Bh4 Rd5 24.Re3 Nc4 25.Re2 b5 26.g4 Bd6 27.Bg3 Bxg3 28.hxg3 h6 29.Kg2 a5
30.Ra2 a4 31.Ne1 e5 32.Nc2 Nd2 33.Re1 Rxc3  0-1

[Event "SVK-ch"]
[Site "Prievidza"]
[Date "1998.06.28"]
[Round "2.42"]
[White "Demeter, Peter"]
[Black "Sokol, Milan"]
[Result "1/2-1/2"]
[WhiteElo "2230"]
[BlackElo "2020"]

1.c4 c6 2.Nf3 d5 3.g3 Nf6 4.Bg2 Nbd7 5.cxd5 cxd5 6.O-O e6 7.d3 Be7 8.Nc3 O-O
9.e4 Nc5 10.e5 Nfd7 11.d4 Na6 12.h4 Qb6 13.Qe2 Nb4 14.Rd1 a6 15.Bg5 Nc6 16.Bxe7 Nxe7
17.Rac1 Nc6 18.Qc2 Qc7 19.Ng5 g6 20.h5 Nb6 21.hxg6 hxg6 22.b3 Qe7 23.f4 Bd7
24.Qb1 Rac8 25.Kf2 Kg7 26.Rh1 Rh8 27.Rxh8 Rxh8 28.Rh1 Qf8 29.Ne2 Ne7 30.g4 Qc8
31.a4 a5 32.Qc1 Qxc1 33.Rxc1 Rc8 34.Bf1 Nc6 35.Rc5 Nb4 36.Rxc8 Nxc8 37.Nc1 Ne7
38.Nf3 Kf8 39.Nd3 Nxd3+ 40.Bxd3 Nc6 41.Ke3 Nb4 42.Ne1 Ke7 43.Be2 b6 44.Kf3 Kd8
45.Kg3 Ke7 46.Kh4 Kf8 47.Kg5 Kg7 48.Bd3 Bc8 49.f5 gxf5 50.gxf5 Ba6 51.Bxa6 Nxa6
52.Nd3 Nb4 53.Nf4 Nc6 54.f6+ Kg8 55.Ne2 Kf8 56.Kf4 Ke8 57.Ke3 Kd7 58.Nc3 Na7
59.Kd3 Kc6 60.Ne2 Kd7 61.Nc3 Kc6 62.Kc2 Kd7 63.Kb2 Kc6 64.Ka3 b5 65.b4 bxa4
66.Kxa4 axb4 67.Kxb4 Kb6 68.Nxd5+ Kc6 69.Ne7+ Kd7 70.Kc5 Kc7 71.Ng8 Nc6 72.Nh6 Nd8
73.Kb5 Kb7 74.Ng4 Kc7 75.Ne3 Nc6 76.Kc5 Kd7 77.Nc4 Kc7 78.Nd6 Nd8 79.Kb5 Kd7
80.Ne4 Kc7 81.Nc5 Kc8 82.Kb6 Kb8 83.Ne4 Kc8 84.Nd6+ Kd7 85.Kc5 Kc7 86.d5 Kd7
87.Ne4 exd5 88.Kxd5 Kc7 89.Nd6 Kd7 90.Nxf7 Nxf7 91.e6+ Ke8 92.Ke4 Nd6+ 93.Ke5 Nf7+
94.Kf5 Nd6+ 95.Kg6 Kf8 96.f7 Nc8  1/2-1/2

[Event "RUS-Cup06"]
[Site "Nizhnij Novgorod"]
[Date "1998.07.01"]
[Round "3"]
[White "Vaulin, Alexander"]
[Black "Yagupov, Igor"]
[Result "1/2-1/2"]
[WhiteElo "2535"]
[BlackElo "2450"]

1.c4 c6 2.e4 d5 3.cxd5 cxd5 4.exd5 Nf6 5.Bb5+ Nbd7 6.Nc3 g6 7.d4 a6 8.Qa4 Bg7
9.Nf3 O-O 10.Bxd7 Nxd7 11.O-O b5 12.Qb3 Bb7 13.Ne5 Nxe5 14.dxe5 Bxe5 15.Bh6 Re8
16.Rad1 Qc7 17.h3 Rad8 18.Rfe1 Rd7 19.a4  1/2-1/2

[Event "RUS-Cup06"]
[Site "Nizhnij Novgorod"]
[Date "1998.07.01"]
[Round "3"]
[White "Sorokin, Maxim"]
[Black "Kulikov, Alexander O"]
[Result "1/2-1/2"]
[WhiteElo "2575"]
[BlackElo "2395"]

1.c4 c6 2.Nf3 d5 3.d4 Nf6 4.Nc3 dxc4 5.a4 Bf5 6.e3 e6 7.a5 Nbd7 8.Bxc4 b5
9.axb6 axb6 10.Rxa8 Qxa8 11.Qe2 b5 12.Bd3 Bxd3 13.Qxd3 Be7 14.e4 b4 15.Ne2 c5  1/2-1/2

[Event "SVK-ch"]
[Site "Prievidza"]
[Date "1998.07.01"]
[Round "5.57"]
[White "Krupik, Jozef"]
[Black "Marko, Martin"]
[Result "1-0"]
[WhiteElo "1912"]
[BlackElo "1665"]

1.c4 c6 2.Nc3 Nf6 3.Nf3 d5 4.cxd5 cxd5 5.d4 Nc6 6.g3 Bg4 7.Bg2 e6 8.O-O Bd6
9.Qa4 Qa5 10.Qxa5 Nxa5 11.Nb5 Ne4 12.h3 Bh5 13.g4 Bg6 14.Nd2 Bb8 15.Nxe4 dxe4
16.Bd2 Nc4 17.Rfc1 Nd6 18.f3 Nxb5 19.Rc8+ Kd7 20.Rxh8 Bh2+ 21.Kxh2 Rxh8 22.fxe4 Nxd4
23.Bc3 Nxe2 24.Rd1+ Ke7 25.Bxg7 Rc8 26.e5 Ke8 27.Bf6 Nf4 28.Bxb7 Rc2+ 29.Kg3 Nd5
30.Bxd5 exd5 31.Rxd5 Rc8 32.Rd4 Bc2 33.Kf4 h6 34.g5 h5 35.Kg3 Kf8 36.Rd8+ Rxd8
37.Bxd8 Kg7 38.Kf4 Kg6 39.b4 a6 40.Be7 Ba4 41.Bc5 Bd7 42.h4 Ba4 43.Bf2 Bb5
44.Ke4 Bc6+ 45.Kd4 Kf5 46.Kc5 Bb5 47.Kd6 Kg6 48.a3 Ba4 49.e6 fxe6 50.Kxe6 Bb5
51.Kd5 Kf5 52.Kc5 Ke6 53.Bg3 Kf5 54.Kb6 Ke6 55.a4  1-0

[Event "SVK-ch"]
[Site "Prievidza"]
[Date "1998.07.02"]
[Round "6.5"]
[White "Demeter, Peter"]
[Black "Pcola, Pavel"]
[Result "1/2-1/2"]
[WhiteElo "2230"]
[BlackElo "2420"]

1.c4 c6 2.Nf3 d5 3.g3 Nf6 4.Bg2 Bf5 5.cxd5 cxd5 6.Qb3 Qc8 7.Nc3 e6 8.d3 Nc6
9.Bf4 Qd7 10.O-O Be7 11.Ne5 Nxe5 12.Bxe5 Bg6 13.e4 dxe4 14.dxe4 O-O 15.Rfd1 Qc6
16.Rac1  1/2-1/2

[Event "RUS-Cup06"]
[Site "Nizhnij Novgorod"]
[Date "1998.07.03"]
[Round "5"]
[White "Balashov, Yuri S"]
[Black "Skatchkov, Pavel"]
[Result "1-0"]
[WhiteElo "2555"]
[BlackElo "2415"]

1.c4 c6 2.e4 d5 3.exd5 cxd5 4.cxd5 Nf6 5.Nc3 g6 6.Nf3 Bg7 7.Bc4 O-O 8.O-O b6
9.d4 Bb7 10.Qb3 Na6 11.Ne5 Qd6 12.Nb5 Qb8 13.d6 e6 14.Bg5 Re8 15.d7 Rf8 16.Rfe1 h6
17.Nxf7 Rxf7 18.Bxe6 hxg5 19.Bxf7+ Kh7 20.Re8  1-0

[Event "Lost Boys op"]
[Site "Antwerp"]
[Date "1998.07.04"]
[Round "5"]
[White "Reinderman, Dimitri"]
[Black "Porper, Eduard"]
[Result "1-0"]
[WhiteElo "2480"]
[BlackElo "2440"]

1.c4 c6 2.e4 d5 3.exd5 cxd5 4.d4 Nf6 5.Nc3 e6 6.Nf3 Be7 7.cxd5 Nxd5 8.Bd3 Nc6
9.O-O Bf6 10.Be4 Nce7 11.Qd3 Bd7 12.Ne5 Bc6 13.Nxc6 bxc6 14.Rd1 h6 15.Qf3 Qb6
16.Na4 Qb4 17.Bc2 Qd6 18.Nc3 Rd8 19.Ne4 Qb4 20.a3 Qb6 21.Nxf6+ Nxf6 22.Qg3 Kf8
23.Qf4 Ned5 24.Qe5 Ke7 25.Qg3 Qb8 26.Ba4 Qxg3 27.hxg3 Rc8 28.Bd2 c5 29.dxc5 Rxc5
30.Rac1 Rhc8 31.Rxc5 Rxc5 32.f3 Rc4 33.Bb3 Rc6 34.Bc1 Nb6 35.Be3 a5 36.Rc1 Rxc1+
37.Bxc1 a4 38.Bc2 Kd6 39.Kf2 Nfd7 40.Bd2 Kd5 41.Bc3 g6 42.Ke2 Nc5 43.Bb4 Nbd7
44.Kd2 Kc4 45.Bd1 e5 46.Kc2 Kd4 47.Bd2 h5 48.Be2 e4 49.Bb5 f5 50.Kd1 Nb6
51.Ke2 Nd5 52.Bh6 Nc7 53.Bc6 N7e6 54.fxe4 Nxe4 55.Be3+ Kc4 56.Bxa4 Nxg3+
57.Kf3 Ne4 58.Be8 g5 59.Bf7 Kd5 60.a4 h4 61.a5 g4+ 62.Ke2 Nd6 63.Bxe6+ Kxe6
64.a6 Nb5 65.Bb6 Kd5 66.a7 Nxa7 67.Bxa7 Kc4 68.Bg1 f4 69.Bh2 Kb3 70.Bxf4 Kxb2
71.Bh2 Kc2 72.Ke3 g3 73.Bg1 Kd1 74.Kf3 Ke1 75.Bd4 Kf1 76.Bc5  1-0

[Event "SVK-ch"]
[Site "Prievidza"]
[Date "1998.07.05"]
[Round "9.2"]
[White "Pcola, Pavel"]
[Black "Balogh, Tomas"]
[Result "0-1"]
[WhiteElo "2420"]
[BlackElo "2400"]

1.c4 c6 2.b3 d5 3.Nf3 Bf5 4.Bb2 e6 5.e3 Nf6 6.Be2 Nbd7 7.O-O h6 8.Nc3 Be7
9.d3 O-O 10.Qc2 Nc5 11.Rfd1 a5 12.Rac1 Bh7 13.Qb1 a4 14.cxd5 a3 15.Ba1 cxd5
16.Qc2 Na6 17.Nb5 Rc8 18.Qd2 Qb6 19.Rxc8 Rxc8 20.Nbd4 Bb4 21.Rc1 Rc5 22.Qd1 Nd7
23.Ne1 Qc7 24.Rxc5 Qxc5 25.Nec2 Bc3 26.Nf3 Bxa1 27.Nxa1 Qc3 28.Nc2 Qb2 29.Nd2 Qxa2
30.Nb1 Qxb3 31.Nbxa3 Ndc5 32.d4 Ne4 33.Qc1 Nc3 34.Bf1 Na2 35.Qd2 N6b4 36.Nxb4 Nxb4
37.Nb5 Bd3 38.Bxd3 Nxd3 39.Nc3 Qc4 40.Kf1 Nf4+  0-1

[Event "Politiken Cup"]
[Site "Copenhagen"]
[Date "1998.07.13"]
[Round "9"]
[White "Larsen, Peter"]
[Black "Jensen, Henrik W"]
[Result "1-0"]
[WhiteElo "2275"]
[BlackElo "2105"]

1.c4 c6 2.e4 d5 3.exd5 cxd5 4.d4 Nf6 5.Nc3 Nc6 6.Nf3 e6 7.c5 Be7 8.Rb1 a5
9.a3 O-O 10.b4 axb4 11.axb4 Ne4 12.Qc2 Bf6 13.Nxe4 dxe4 14.Qxe4 Nxd4 15.Bc4 Nxf3+
16.Qxf3 Qd4 17.Qe2 Qh4 18.O-O Bd7 19.g3 Qh3 20.Bb5 Rfd8 21.Bxd7 Rxd7 22.Qf3 h5
23.Be3 h4 24.b5 hxg3 25.hxg3 Rd5 26.Rfd1 Rad8 27.Rxd5 exd5 28.c6 bxc6 29.bxc6 Qc8
30.Rc1 d4 31.Bf4 Qf5 32.g4 Qb5 33.g5 Be5 34.c7 Rc8 35.Qg4 Rxc7 36.Rxc7 Bxc7
37.Qc8+ Kh7 38.Qxc7 Qb1+ 39.Kh2 Qf1 40.Bg3 Qd1 41.Qxf7 Qg4 42.Qf4 Qd7 43.Qe4+  1-0

[Event "Politiken Cup"]
[Site "Copenhagen"]
[Date "1998.07.13"]
[Round "9"]
[White "Adamski, Jan"]
[Black "Grabliauskas, Virginijus"]
[Result "1/2-1/2"]
[WhiteElo "2345"]
[BlackElo "2465"]

1.c4 c6 2.Nf3 d5 3.cxd5 cxd5 4.d4 Nf6 5.Nc3 Nc6 6.Bf4 Ne4 7.e3 Nxc3 8.bxc3 g6
9.Ne5 Bg7 10.Bb5 Bd7 11.Bxc6 Bxc6 12.Nxc6 bxc6 13.Qa4  1/2-1/2

[Event "Smith & Williamson"]
[Site "Witley"]
[Date "1998.07.22"]
[Round "6"]
[White "Taylor, Martin"]
[Black "Churm, Rohan"]
[Result "1/2-1/2"]
[WhiteElo "2130"]
[BlackElo "2115"]

1.c4 c6 2.b3 Nf6 3.Bb2 g6 4.g3 Bg7 5.Bg2 O-O 6.d3 d6 7.Nc3 e5 8.e4 Be6 9.Nf3 Nbd7
10.O-O d5 11.cxd5 cxd5 12.d4 Nxe4 13.Nxe4 dxe4 14.Nxe5 Bd5  1/2-1/2